01364 a2200205 45000010006000000050017000060080041000230030015000640400040000790800037001192450053001560200018002092500012002272640033002393000019002725050733002910410008010241000031010328560095010634111120260407155705.0260407a1994 arg spa dAR-UNSa-BCEJYS aAR-UNSa-BCEJYSbspacAR-UNSa-BCEJYS a336.717xTransacciones bancarias10aEl juicio ejecutivo en las operaciones bancarias a950-9606-84-7 a2a. ed. 1aBuenos Aires :bAD-HOCc1994 a292 P.c22 cm. a1. La banca y su actuación: su ayer y su hoy en materia económica y jurídica - 2. El contrato de cuenta corriente bancaria: análisis - 3. La ejecución del saldo deudor de la cuenta corriente bancaria - 4. Las cuentas corrientes abiertas por los bancos exclusivamente para cobrarles a los clientes (recurriendo a la vía ejecutiva) deudas de otro origen - 5. La Ley de unificación de la legislación civil y comercial - 6. Los créditos bancarios por deudas derivadas de la utilización de "tarjetas de crédito" y cajeros automáticos: ejecutividad, defensas - 7. Los commercial papers: conceptos, alcances - 8. Últimas novedades acerca de intentos de cobro de deudas de tarjetas de crédito - 9. El warrant aspa1 aMartorell, Ernesto Eduardo41uhttps://biblioeco.unsa.edu.ar/pmb/images/libros/L126384.jpgyImagen de portadaqimage/jpeg